00689cam a2200205 a 4500020002800000020004200028020005400070040000800124082002600132100002400158245005700182250001200239260003900251300006500290500004200355500002000397650001500417700002300432700002800455 a0314029052 (alk. paper) a0314036679 (student ed. : alk. paper) a0314030255 (teacher's wraparound ed : alk. paper) cDLC00a910 WES 1995 A101 Or.1 aEnglish, Paul Ward.10aGeography :bpeople and places in a changing world / a2nd ed. aSt. Paul :bWest Pub. Co.,cc1995. aA-15, xxxii, 750 p. :bill. (some col.), col. maps ;c29 cm. a"Texas teacher's wraparound edition." aIncludes index. 0aGeography.1 aRobinson, Brian S.1 aPriest, Quinton Gwynne.